000 00180nam a22000857a 4500
001 1258243
005 20260303094806.0
245 _aENSTİTÜ
_cSTEPHEN KING
260 _bALTIN YAYINLARI
999 _c1258243
_d1258243